Are Soft Commodities Markets Affected by the Halloween Effect?

Za posledné tri desaťročia sa komoditné trhy, vrátane trhov s mäkkými komoditami, čoraz viac podobali na finančné trhy. V dôsledku toho môžu ceny komodít vykazovať podobné vzorce alebo anomálie, aké sú pozorované pri správaní rôznych finančných aktív. Vplyv januárového efektu na halloweensky efekt....

Celý popis

Uložené v:
Podrobná bibliografia
Hlavný autor: Krawiec, Monika
Ďalší autori: Górska, Anna
Médium: Kapitola
Jazyk:English
Predmet:
Tagy: Pridať tag
Žiadne tagy, Buďte prvý, kto otaguje tento záznam!

MARC

LEADER 00000naa a2200000 4500
001 0280490
005 20211227112126.4
041 0 |a eng 
044 |a CZ 
245 1 0 |a Are Soft Commodities Markets Affected by the Halloween Effect?  |c Monika Krawiec, Anna Górska 
520 |a Za posledné tri desaťročia sa komoditné trhy, vrátane trhov s mäkkými komoditami, čoraz viac podobali na finančné trhy. V dôsledku toho môžu ceny komodít vykazovať podobné vzorce alebo anomálie, aké sú pozorované pri správaní rôznych finančných aktív. Vplyv januárového efektu na halloweensky efekt. Výsledky odhaľujúce významný halloweensky efekt pre bavlnu (poháňaný januárovým efektom) a významný opačný halloweensky efekt pre cukor. Užitočné implikácie pre hlavných aktérov na trhu. 
610 2 0 |a komodity 
610 2 0 |a trh komoditný 
610 2 0 |a trh finančný 
610 2 0 |a stratégia obchodná 
100 1 |a Krawiec, Monika 
700 1 |a Górska, Anna